Political Parties by # of Presidents - Statistics

General Stats
  • This quiz has been taken 42 times
  • The average score is 4 of 6
Answer Stats
# of Members Answer % Correct
20 Republican
100%
17 Democratic
91%
4 Whig
80%
4 Democratic-Republican
66%
1 Federalist
60%
2 Unaffiliated
46%
No matching quizzes found
Score Distribution
Percent of People with Each Score
Percentile by Number Answered
Your Score History
You have not taken this quiz